000 00645nmm a2200193Ia 4500
008 251105s9999||||xx |||||||||||||||||und||
020 _a9788437065373
041 _aspa
100 _aTalens Carmona, Jenaro
245 0 _aMúsicas públicas, escuchas privadas :
_b Hacia una lectura de la música popular contemporánea
264 _a[Madrid, España] :
_bPublicaciones de la Universidad de Valencia (PUV),
_c2007
300 _a170 páginas
490 _aAldea global
650 _aMusic
700 _aTalens Carmona, Jenaro
700 1 _a Porta Navarro, Amparo
856 _uhttps://public.digitaliapublishing.com/a/62498
942 _cCF
999 _c71849
_d71849